Формирование механизма устойчивого развития сельских территорий (Запись № 10224217)

Подробности
000 -МАРКЕР
контрольное поле 02152nam0a2200325 i 4500
001 - ИДЕНТИФИКАТОР ЗАПИСИ
контрольное поле RU\NLR\BIBL_A\010816010
005 - ИДЕНТИФИКАТОР ВЕРСИИ
контрольное поле 20260407100422.0
010 ## - МЕЖДУНАРОДНЫЙ СТАНДАРТНЫЙ НОМЕР КНИГИ (ISBN)
Номер (ISBN) 9785983800441
Тираж 70
021 ## - НОМЕР ГОСУДАРСТВЕННОЙ РЕГИСТРАЦИИ
Код страны Российская Федерация
Номер 2015-50286
Номер Листа государственной регистраци 2979
035 ## - ДРУГИЕ СИСТЕМНЫЕ НОМЕРА
Идентификатор записи (NLR Aleph) 010816010
100 ## - ДАННЫЕ ОБЩЕЙ ОБРАБОТКИ
Данные общей обработки 20150812d2015 k y0rusy50 ca
101 0# - ЯЗЫК РЕСУРСА
Язык текста, звукозаписи и т.д. русский
102 ## - СТРАНА ПУБЛИКАЦИИ ИЛИ ПРОИЗВОДСТВА
Страна публикации Российская Федерация
105 ## - ПОЛЕ КОДИРОВАННЫХ ДАННЫХ: ТЕКСТОВЫЕ МАТЕРИАЛЫ, МОНОГРАФИЧЕСКИЕ
Кодированные данные о монографическом текстовом документе ab z 000yy
200 1# - ЗАГЛАВИЕ И СВЕДЕНИЯ ОБ ОТВЕТСТВЕННОСТИ
Основное заглавие Формирование механизма устойчивого развития сельских территорий
Сведения, относящиеся к заглавию монография
Первые сведения об ответственности [И. Н. Меренкова, В. Н. Перцев, И. И. Новикова, Е. С. Кусмагамбетова
Последующие сведения об ответственности науч. ред. д.э.н., доц. И. Н. Меренкова]
-- Федер. гос. бюджет. науч. учреждение "Науч.-исслед. ин-т экономики и организации агропромышленного комплекса Центрально-Черноземного р-на Рос. Федерации"
210 ## - ПУБЛИКАЦИЯ, РАСПРОСТРАНЕНИЕ И ДР.
Место издания, распространения и т.д. Воронеж
Имя издателя, распространителя и т. д. ФГБНУ НИИЭОАПК ЦЧР России
Дата издания, распространения и т.д. 2015
215 ## - ФИЗИЧЕСКАЯ ХАРАКТЕРИСТИКА
Специфическое обозначение материала и объем 189 с.
Другие сведения о физической характеристике ил., карт.
Размеры 21
320 ## - ПРИМЕЧАНИЯ О НАЛИЧИИ В ДОКУМЕНТЕ БИБЛИОГРАФИИ / УКАЗАТЕЛЯ
Текст примечания Библиогр.: с. 147-171 (225 назв.)
606 1# - НАИМЕНОВАНИЕ ТЕМЫ КАК ПРЕДМЕТ
Наименование темы Сельское хозяйство
Тематический подзаголовок Устойчивого развития концепция
Географический подзаголовок Российская Федерация
Системный номер авторитетной/нормативной записи 2095111
Идентификатор авторитетной/нормативной записи RU\NLR\AUTH\661571256
686 1# - ИНДЕКСЫ ДРУГИХ КЛАССИФИКАЦИЙ
Индекс У32(2)-96(2Р)
701 #1 - ИМЯ ЛИЦА - АЛЬТЕРНАТИВНАЯ ОТВЕТСТВЕННОСТЬ
Начальный элемент ввода Меренкова
Часть имени, кроме начального элемента ввода И. Н.
Расширение инициалов личного имени Ирина Николаевна
Код отношения Автор
-- Редактор
701 #1 - ИМЯ ЛИЦА - АЛЬТЕРНАТИВНАЯ ОТВЕТСТВЕННОСТЬ
Начальный элемент ввода Перцев
Часть имени, кроме начального элемента ввода В. Н.
Расширение инициалов личного имени Владимир Николаевич
701 #1 - ИМЯ ЛИЦА - АЛЬТЕРНАТИВНАЯ ОТВЕТСТВЕННОСТЬ
Графика поля Кириллица
Материалы, к которым относится поле rus
Начальный элемент ввода Новикова
Часть имени, кроме начального элемента ввода И. И.
Дополнения к именам, кроме дат канд. экон. наук, сел. хоз-во
Расширение инициалов личного имени Ирина Игоревна
Системный номер авторитетной/нормативной записи 179483
Идентификатор авторитетной/нормативной записи RU\NLR\AUTH\770179534
701 #1 - ИМЯ ЛИЦА - АЛЬТЕРНАТИВНАЯ ОТВЕТСТВЕННОСТЬ
Начальный элемент ввода Кусмагамбетова
Часть имени, кроме начального элемента ввода Е. С.
Расширение инициалов личного имени Елена Сергеевна
712 02 - НАИМЕНОВАНИЕ ОРГАНИЗАЦИИ - ВТОРИЧНАЯ ОТВЕТСТВЕННОСТЬ
Код отношения Прочие
Начальный элемент ввода НИИ экономики и организации агропромышленного комплекса Центрально-Черноземного района
Идентифицирующий признак Воронеж
Системный номер авторитетной/нормативной записи 609778
Идентификатор авторитетной/нормативной записи RU\NLR\AUTH\8810054632
942 ## - ДОПОЛНИТЕЛЬНЫЕ ЭЛЕМЕНТЫ ЗАПИСИ (АБИС)
Тип экземпляра АБИС Книга
980 ## - КОЛЛЕКЦИЯ
Название коллекции НБР

Нет доступных экземпляров.